00643nam a22002057a 450000500170000001000150001702000260003203500140005803700150007208200140008710000240010124500860012525000060021126000300021727000960024730000210034370000260036494200280039099900190041820260410152116.0 aENG-148016 a9788199546158c799.00 aEN-131548 aDBADbDBAD 21a006.31 apandey, Anju988860 aMachine LearningbDriven Simulation Models, Methods and ApplicationscAnju Pandey a1 aRaipurbAditi Publication aOpp. New Panchajanya Vidya Mandir Near Tiranga Chowk Kushalpur, Raipur, Chhatisgarh, India  a177.pgc26cm(pb) aSwati Dwivedi 988861 2ddccENh006.31mPANe1 c215857d215857